Pays d'origine de personnalités célèbres - Statistiques

Statistiques générales
  • Ce quiz a été pris 338 fois
  • Le résultat moyen est 15 sur 28
Statistiques - réponses
Personnalité Pays % Correct
Wolfgang Amadeus Mozart Autriche
87%
Bob Marley Jamaïque
82%
Achraf Hakimi Maroc
75%
Shakira Colombie
74%
PSY Corée du Sud
72%
Charles Aznavour Arménie
70%
Hergé Belgique
69%
Rihanna Barbade
66%
Vasco de Gama Portugal
65%
Shigeru Miyamoto Japon
64%
Drake Canada
60%
Mika Liban
58%
Gengis Khan Mongolie
57%
Didier Drogba Côte d'Ivoire
56%
Johan Cruyff Pays-Bas
56%
Guillermo del Toro Mexique
55%
Alexandre le Grand Grèce
49%
Frédéric Chopin Pologne
47%
Luka Dončić Slovénie
41%
PewDiePie Suède
41%
Khaby Lame Sénégal
40%
Roald Amundsen Norvège
38%
Marjane Satrapi Iran
28%
Peter Jackson Nouvelle-Zélande
28%
Lisa (Blackpink) Thaïlande
28%
Joel Embiid Cameroun
20%
Burna Boy Nigeria
20%
Billy Crawford Philippines
19%
Aucun quiz correspondant
Distribution des résultats
% des personnes avec chaque résultat
Percentile par nombre de réponses
Votre historique - résultats
Vous n’avez pas pris ce quiz